000 00304nam a2200133Ia 4500
008 221030s9999 xx 000 0 und d
041 _aEnglish
082 _a105.23
100 _aS. M. Dhir
245 0 _aElectronic Components and Materials
_cby S. M. Dhir
260 _c0
650 _aB
942 _cBK
999 _c11234
_d11234